Specjalny quiz na 1 rok na JetPunku - rozpoznaj państwo po zapachu - Statystyki

Ogólne statystyki
  • Ten quiz został rozwiązany 200 razy
  • Średni wynik to 5 z 8
Statystyki odpowiedzi
Zapach Państwo % Poprawnych
Zapach Macedonia
79%
zapacH Macedonia
68%
brak danych Polska
68%
zApach Macedonia
67%
z a p a c h Macedonia
67%
za pach Macedonia
63%
zapach Bułgaria
42%
z apach Kosowo
41%
Nie znaleziono quizów pasujących do podanych kryteriów
Rozkład punktacji
Procent ludzi z każdym wynikiem
Percentyl według liczby udzielonych odpowiedzi
Twoja historia wyników
Nie rozwiązałeś tego quizu